[Event "WALTON 40th BAN-ch U20 Girls 2022"]
[Site "Dhaka"]
[Date "2022.02.20"]
[Round "6.3"]
[White "Jannatul, Ferdous"]
[Black "Wadifa, Ahmed"]
[Result "1/2-1/2"]
[WhiteElo "1852"]
[BlackElo "1786"]
[Annotator "NA RC"]
[PlyCount "119"]
[EventDate "2022.02.15"]
[EventType "swiss"]
[EventCountry "BAN"]
[SourceTitle "playchess.com"]
[Source "ChessBase"]
[SourceQuality "1"]
[TimeControl "5400+30"]

1. d4 {[%emt 0:00:21]} d5 {[%emt 0:00:06]} 2. Bf4 {[%emt 0:00:04]} Nf6 {[%emt 0:00:07]} 3. e3 {[%emt 0:00:07]} e6 {[%emt 0:00:06]} 4. Nf3 {[%emt 0:00:10]} Bd6 {[%emt 0:00:15]} 5. Bg3 {[%emt 0:00:02]} O-O {[%emt 0:00:26]} 6. Bd3 {[%emt 0:00:22]} c5 {[%emt 0:00:25]} 7. c3 {[%emt 0:00:03]} Qc7 {[%emt 0:00:29] outshines the older 7...Nc6.} 8. Nbd2 {[%emt 0:00:56]} Nbd7 {[%emt 0:05:03]} 9. O-O {[%emt 0:05:51]} Bxg3 {[%emt 0:02:58]} 10. hxg3 {[%emt 0:00:26]} e5 {[%emt 0:02:28]} 11. dxe5 {[%emt 0:02:07]} Nxe5 {[%emt 0:00:10]} 12. Nxe5 {[%emt 0:00:30]} Qxe5 {[%emt 0:00:03]} 13. Nf3 {[%emt 0:00:02]} Qe7 {[%emt 0:00:23]} 14. Bc2 {[%emt 0:06:51] [#]} b6 $146 {[%emt 0:05:49]} ({Predecessor:} 14... Bg4 15. Qd3 Rad8 16. Rfe1 g6 17. Nh2 Bf5 18. Qd2 Bxc2 19. Qxc2 Rd7 20. Rad1 Rfd8 {½-½ (20) Bahillo Vallejo,I (1721)-Martin Garcia,L (1649) Collado Villalba 2019}) 15. Qd3 {[%emt 0:05:26]} Bb7 {[%emt 0:00:50]} 16. Qf5 {[%emt 0:00:50]} Ne4 {[%emt 0:01:25]} 17. Rad1 {[%emt 0:07:22]} Rad8 {[%emt 0:04:01]} 18. Nh4 {[%emt 0:12:53] [#]} (18. Rfe1 $15) 18... g6 {[%emt 0:04:42]} ({Better is} 18... g5 $1 $17 19. Nf3 Bc8) 19. Qg4 {[%emt 0:07:15]} (19. Qf4 $15) 19... h5 {[%emt 0:05:22]} 20. Qe2 {[%emt 0:01:18]} a6 {[%emt 0:05:26]} 21. Bd3 {[%emt 0:07:44]} b5 {[%emt 0:01:07]} 22. a4 {[%emt 0:03:41]} (22. Qc2 $15) 22... c4 {[%emt 0:04:40]} 23. Bc2 $1 {[%emt 0:01:10]} b4 {[%emt 0:00:46]} ({Black should play} 23... Bc8 $15) 24. Bxe4 {[%emt 0:05:32]} Qxe4 {[%emt 0:03:59]} 25. cxb4 {[%emt 0:02:07]} d4 {[%emt 0:00:52]} 26. Qxc4 {[%emt 0:01:18]} dxe3 {[%emt 0:06:39]} 27. Qxe4 {[%emt 0:04:08]} exf2+ {[%emt 0:00:03]} 28. Kxf2 {[%emt 0:00:08]} Bxe4 {[%emt 0:00:08]} 29. Ke3 {[%emt 0:08:04]} Bc2 {[%emt 0:02:51]} (29... Rde8 $15 {might be stronger.} 30. Kf2 Bc2) 30. Rxd8 {[%emt 0:18:42]} Rxd8 {[%emt 0:00:10]} 31. Rf6 {[%emt 0:00:00]} (31. b5 $11 {is superior.}) 31... Rd3+ {[%emt 0:03:51]} 32. Kf2 {[%emt 0:00:00]} Rb3 {[%emt 0:01:40]} 33. Rxa6 {[%emt 0:00:00]} Rxb2 {[%emt 0:00:37]} 34. Rb6 {[%emt 0:00:00]} Bxa4+ {[%emt 0:00:31]} 35. Ke3 {[%emt 0:00:00]} Rb3+ {[%emt 0:01:40]} 36. Kf4 {[%emt 0:00:00]} Kg7 {[%emt 0:03:19]} 37. Nf3 {[%emt 0:00:00]} Rb2 {[%emt 0:00:31]} 38. Ne5 {[%emt 0:01:16]} Rxg2 {[%emt 0:03:02]} 39. Rb7 {[%emt 0:00:48]} Rf2+ {[%emt 0:00:15]} 40. Ke3 {[%emt 0:01:18]} Rf1 {[%emt 0:07:30]} 41. b5 {[%emt 0:01:01]} Rb1 {[%emt 0:00:53]} 42. Nxf7 {[%emt 0:00:50]} Kf6 {[%emt 0:01:03]} 43. Nd6 {[%emt 0:00:28]} Ke6 {[%emt 0:00:18]} 44. Ne4 $11 {[%emt 0:00:38]} Rxb5 {[%emt 0:00:16]} 45. Rg7 {[%emt 0:00:32]} Kf5 {[%emt 0:07:12]} 46. Nd6+ {[%emt 0:00:23]} Kf6 {[%emt 0:00:02]} 47. Nxb5 {[%emt 0:00:33]} Kxg7 {[%emt 0:00:02]} 48. Nc3 {[%emt 0:00:05]} Bc6 {[%emt 0:00:14]} 49. Kf2 {[%emt 0:00:14]} Kf6 {[%emt 0:00:11]} 50. Kg1 {[%emt 0:00:25]} g5 {[%emt 0:00:53]} 51. Kh2 {[%emt 0:00:03]} Ke5 {[%emt 0:00:37]} 52. Nd1 {[%emt 0:01:00]} Kd4 {[%emt 0:01:15]} 53. Nf2 {[%emt 0:00:15]} Ke3 {[%emt 0:00:52]} 54. Nh3 {[%emt 0:00:35]} g4 {[%emt 0:01:15]} 55. Ng5 {[%emt 0:00:44]} Kf2 {[%emt 0:00:53]} 56. Ne4+ {[%emt 0:00:22]} Kf3 {[%emt 0:01:56]} 57. Ng5+ {[%emt 0:00:26]} Ke3 {[%emt 0:00:36]} 58. Nf7 {[%emt 0:00:53]} h4 {[%emt 0:00:27]} 59. Ne5 {[%emt 0:00:40]} hxg3+ {[%emt 0:06:27]} 60. Kxg3 {[%emt 0:01:31]} 1/2-1/2

[Event "WALTON 40th BAN-ch U20 Girls 2022"]
[Site "Dhaka"]
[Date "2022.02.20"]
[Round "6.4"]
[White "Omnia Binta Yusuf, Lubaba"]
[Black "Nusrat Jahan, Alo"]
[Result "1/2-1/2"]
[WhiteElo "1578"]
[BlackElo "1818"]
[Annotator "NA RC"]
[PlyCount "119"]
[EventDate "2022.02.15"]
[EventType "swiss"]
[EventCountry "BAN"]
[SourceTitle "playchess.com"]
[Source "ChessBase"]
[SourceQuality "1"]
[TimeControl "5400+30"]

1. e4 {[%emt 0:00:11]} c5 {[%emt 0:00:25]} 2. c3 {[%emt 0:00:14]} d5 {[%emt 0:00:43]} 3. exd5 {[%emt 0:00:06]} Qxd5 {[%emt 0:00:06]} 4. Nf3 {[%emt 0:00:16]} Nf6 {[%emt 0:00:21]} 5. Na3 {[%emt 0:00:10]} Bd7 {[%emt 0:01:32]} 6. Bc4 {[%emt 0:03:51]} Qe4+ {[%emt 0:03:19]} 7. Qe2 {[%emt 0:01:59]} (7. Be2 $14) 7... Qxe2+ {[%emt 0:04:10]} 8. Bxe2 {[%emt 0:02:41]} a6 {[%emt 0:02:06]} 9. Nc2 {[%emt 0:04:33]} Nc6 {[%emt 0:03:19]} 10. d4 {[%emt 0:01:43]} e6 {[%emt 0:02:56]} 11. dxc5 {[%emt 0:01:32]} Bxc5 {[%emt 0:00:09]} 12. Be3 {[%emt 0:00:24]} Be7 {[%emt 0:04:40]} 13. O-O {[%emt 0:05:55]} O-O {[%emt 0:01:05]} 14. Ncd4 {[%emt 0:01:06]} Nd5 {[%emt 0:05:58]} 15. Nxc6 {[%emt 0:02:59]} Bxc6 {[%emt 0:01:19]} 16. Bd2 {[%emt 0:02:47]} Rfd8 {[%emt 0:03:38]} 17. Rad1 {[%emt 0:04:31]} Bf6 {[%emt 0:04:51]} 18. Bg5 {[%emt 0:01:43]} Bxg5 {[%emt 0:06:24]} 19. Nxg5 {[%emt 0:00:48]} h6 {[%emt 0:02:10]} 20. Nh3 {[%emt 0:02:29]} Ba4 {[%emt 0:06:56]} 21. Rd4 {[%emt 0:05:11]} Bc2 {[%emt 0:03:41]} 22. Bf3 {[%emt 0:07:04]} Nc7 {[%emt 0:15:32]} (22... Nf6 $11) 23. Rb4 {[%emt 0:09:15]} ({Better is} 23. Rc1 $14 Bg6 24. Bxb7) 23... Rab8 {[%emt 0:03:00]} 24. Nf4 {[%emt 0:02:59]} (24. Rc1 $11 Bh7 25. a4 (25. Rxb7 Rxb7 26. Bxb7 Rb8 $17) (25. Bxb7 $2 a5 $19)) 24... b5 {[%emt 0:02:34]} (24... e5 $5 {[%cal Re5f4]} 25. Nh5 a5 $15) 25. Rc1 {[%emt 0:04:54]} Bf5 {[%emt 0:03:08]} 26. Ne2 {[%emt 0:06:34] [#]} Rd6 {[%emt 0:07:00]} (26... e5 $1 $17) 27. Rd4 {[%emt 0:01:48]} Rbd8 {[%emt 0:01:19]} 28. Rcd1 {[%emt 0:00:32]} Rxd4 {[%emt 0:01:13]} 29. Rxd4 {[%emt 0:00:29]} Rxd4 {[%emt 0:00:31]} 30. Nxd4 {[%emt 0:00:23]} Bb1 {[%emt 0:01:10]} 31. a4 $11 {[%emt 0:01:36]} Bd3 {[%emt 0:01:11]} (31... bxa4 $11 32. Bd1 e5) 32. axb5 {[%emt 0:00:16]} Nxb5 {[%emt 0:00:51]} 33. Be2 {[%emt 0:02:05]} Bxe2 {[%emt 0:00:07]} 34. Nxe2 {[%emt 0:00:06]} Kf8 {[%emt 0:00:22]} 35. Nc1 {[%emt 0:01:40]} Ke7 {[%emt 0:00:42]} 36. Kf1 {[%emt 0:00:32]} Kd6 {[%emt 0:01:11]} 37. Ke2 {[%emt 0:00:07]} Kd5 {[%emt 0:01:52]} 38. Kd3 {[%emt 0:00:27]} Nd6 {[%emt 0:00:38]} 39. f3 {[%emt 0:01:00]} e5 {[%emt 0:00:43]} 40. Na2 {[%emt 0:00:35]} a5 {[%emt 0:00:54]} 41. b3 {[%emt 0:01:12]} e4+ {[%emt 0:00:57]} 42. fxe4+ {[%emt 0:02:24]} Nxe4 {[%emt 0:00:02]} 43. c4+ {[%emt 0:00:36]} Ke5 {[%emt 0:00:37]} 44. Nc3 {[%emt 0:00:40]} Nc5+ {[%emt 0:00:58]} 45. Kc2 {[%emt 0:00:36]} Kd4 {[%emt 0:00:51]} 46. Nd1 {[%emt 0:03:16]} a4 {[%emt 0:01:39]} 47. bxa4 {[%emt 0:00:37]} Kxc4 {[%emt 0:02:16]} 48. Nb2+ {[%emt 0:00:43]} Kb4 {[%emt 0:01:07]} 49. g4 {[%emt 0:01:12]} Ne4 {[%emt 0:01:35]} 50. h4 {[%emt 0:01:45]} Nf6 {[%emt 0:00:47]} 51. g5 {[%emt 0:00:27]} hxg5 {[%emt 0:00:06]} 52. hxg5 {[%emt 0:00:04]} Ne4 {[%emt 0:00:42]} 53. g6 {[%emt 0:00:17]} fxg6 {[%emt 0:00:45]} 54. Kd3 {[%emt 0:00:19]} Nc5+ {[%emt 0:00:32]} 55. Ke3 {[%emt 0:01:24]} Nxa4 {[%emt 0:00:45]} 56. Nxa4 {[%emt 0:05:55]} Kxa4 {[%emt 0:00:10]} 57. Kf4 {[%emt 0:00:04]} Kb5 {[%emt 0:00:09]} 58. Kg5 {[%emt 0:00:05]} Kc5 {[%emt 0:00:06]} 59. Kxg6 {[%emt 0:00:09]} Kd5 {[%emt 0:00:09]} 60. Kxg7 {[%emt 0:00:06]} 1/2-1/2

[Event "WALTON 40th BAN-ch U20 Girls 2022"]
[Site "Dhaka"]
[Date "2022.02.20"]
[Round "6.5"]
[White "Marzuka, Mukarrama"]
[Black "Tasnia Tarannum, Orpa"]
[Result "0-1"]
[WhiteElo "1095"]
[BlackElo "1678"]
[Annotator "NA RC"]
[PlyCount "112"]
[EventDate "2022.02.15"]
[EventType "swiss"]
[EventCountry "BAN"]
[SourceTitle "playchess.com"]
[Source "ChessBase"]
[SourceQuality "1"]
[TimeControl "5400+30"]

1. d4 {[%emt 0:00:03]} Nf6 {[%emt 0:00:06]} 2. Nf3 {[%emt 0:00:11]} e6 {[%emt 0:00:05]} 3. Bf4 {[%emt 0:00:08]} c5 {[%emt 0:00:05]} 4. e3 {[%emt 0:00:25]} Nc6 {[%emt 0:00:22]} 5. c4 {[%emt 0:02:45]} d5 {[%emt 0:02:59]} 6. Nc3 {[%emt 0:07:20]} a6 {[%emt 0:03:16]} 7. Bd3 {[%emt 0:05:12]} dxc4 {[%emt 0:01:22]} 8. Bxc4 {[%emt 0:00:20]} b5 {[%emt 0:00:25]} 9. Be2 {[%emt 0:13:02]} Bd6 {[%emt 0:02:18]} 10. Bg5 {[%emt 0:14:55]} cxd4 {[%emt 0:06:00]} 11. exd4 {[%emt 0:03:38]} O-O {[%emt 0:04:03]} 12. O-O {[%emt 0:01:56]} Ne7 {[%emt 0:06:29]} 13. Bxf6 {[%emt 0:07:58]} gxf6 {[%emt 0:00:03]} 14. Re1 {[%emt 0:02:08]} Bb7 {[%emt 0:00:27]} 15. Nd2 {[%emt 0:03:35]} Qc7 {[%emt 0:04:15]} 16. g3 {[%emt 0:03:50]} Ng6 {[%emt 0:03:40]} 17. Bh5 {[%emt 0:02:37]} f5 {[%emt 0:03:42]} 18. Nb3 {[%emt 0:05:01]} Rad8 {[%emt 0:03:21]} 19. Rc1 {[%emt 0:04:37]} Qd7 {[%emt 0:01:24]} 20. Na5 {[%emt 0:05:17]} Ba8 {[%emt 0:01:13]} 21. Bf3 {[%emt 0:02:18]} Bxf3 {[%emt 0:01:25]} 22. Qxf3 {[%emt 0:00:10]} Rc8 {[%emt 0:03:14]} 23. Qb7 {[%emt 0:02:05]} Qxb7 {[%emt 0:01:02]} 24. Nxb7 {[%emt 0:00:06]} Be7 {[%emt 0:00:15]} 25. Ne2 {[%emt 0:01:48]} h5 {[%emt 0:51:29]} 26. h4 {[%emt 0:01:20]} f4 {[%emt 0:00:00]} 27. Kh2 {[%emt 0:06:13]} Bf6 {[%emt 0:00:00]} 28. Rxc8 {[%emt 0:01:59]} Rxc8 {[%emt 0:00:00]} 29. Nc5 {[%emt 0:00:58]} Bxd4 {[%emt 0:00:00]} 30. Nxd4 {[%emt 0:01:20]} Rxc5 {[%emt 0:00:00]} 31. Kg2 {[%emt 0:01:00]} e5 {[%emt 0:00:00]} 32. Nf3 {[%emt 0:00:41]} fxg3 {[%emt 0:00:00]} 33. Kxg3 {[%emt 0:00:18]} f6 {[%emt 0:00:00]} 34. Rd1 {[%emt 0:01:02]} Rc4 {[%emt 0:00:00]} 35. Kh3 {[%emt 0:01:11]} Rf4 {[%emt 0:00:00]} 36. Rd8+ {[%emt 0:00:30]} Kf7 {[%emt 0:00:00]} 37. Kg3 {[%emt 0:00:23]} e4 {[%emt 0:00:00]} 38. Nh2 {[%emt 0:00:36]} Rxh4 {[%emt 0:00:00]} 39. Ra8 {[%emt 0:00:29]} Rf4 {[%emt 0:00:00]} 40. Rxa6 {[%emt 0:00:32]} h4+ {[%emt 0:00:00]} 41. Kg2 {[%emt 0:00:23]} Ne5 {[%emt 0:00:00]} 42. Ra3 {[%emt 0:00:28]} Nd3 {[%emt 0:00:00]} 43. Kh3 {[%emt 0:00:40]} Rxf2 {[%emt 0:00:00]} 44. b4 {[%emt 0:00:27]} Nxb4 {[%emt 0:00:00]} 45. Ng4 {[%emt 0:00:12]} Rxa2 {[%emt 0:00:00]} 46. Rxa2 {[%emt 0:00:29]} Nxa2 {[%emt 0:00:00]} 47. Kxh4 {[%emt 0:00:01]} b4 {[%emt 0:00:00]} 48. Ne3 {[%emt 0:00:38]} b3 {[%emt 0:00:00]} 49. Nc4 {[%emt 0:00:12]} Ke6 {[%emt 0:00:00]} 50. Kg4 {[%emt 0:00:40]} Kd5 {[%emt 0:00:00]} 51. Ne3+ {[%emt 0:00:34]} Kd4 {[%emt 0:00:00]} 52. Kf4 {[%emt 0:00:27]} Nb4 {[%emt 0:00:00]} 53. Nd1 {[%emt 0:01:21]} b2 {[%emt 0:00:00]} 54. Nxb2 {[%emt 0:00:27]} Nd3+ {[%emt 0:00:00]} 55. Nxd3 {[%emt 0:00:20]} exd3 {[%emt 0:00:00]} 56. Kf3 {[%emt 0:00:14]} Kc5 {[%emt 0:15:30]} 0-1

[Event "WALTON 40th BAN-ch U20 Girls 2022"]
[Site "Dhaka"]
[Date "2022.02.21"]
[Round "7.1"]
[White "Ahmed, Walijah"]
[Black "Wadifa, Ahmed"]
[Result "1-0"]
[WhiteElo "1953"]
[BlackElo "1786"]
[Annotator "TA"]
[PlyCount "57"]
[EventDate "2022.02.15"]
[EventType "swiss"]
[EventCountry "BAN"]
[SourceTitle "playchess.com"]
[Source "ChessBase"]
[SourceQuality "1"]

{[%evp 11,57,-22,-8,-13,-16,-50,-31,-22,-23,-62,-64,-68,-68,-69,-64,-62,-44,-53,-26,-135,-131,-118,-132,-172,-164,-148,-157,-3665,-216,-221,-229,-634,-147,-155,260,259,269,258,297,308,519,522,861,845,1056,1039,29990,29991]} 1. d4 g6 2. g3 Bg7 3. Bg2 c5 4. Nf3 cxd4 5. Nxd4 Nc6 6. Nb3 Nf6 7. O-O {A04: Unusual lines after 1 Nf3 and King's Indian Attack.} d6 8. c4 h5 9. Nc3 {Black is slightly better.} h4 10. Bg5 hxg3 11. hxg3 Bh3 $1 {And now ...Qd7 would win.} 12. Bxh3 Rxh3 13. Kg2 Rh5 14. Bxf6 Bxf6 15. Nd5 (15. Qd3 $11 {remains equal.}) 15... Bxb2 $17 16. Rb1 Bg7 17. Nd2 Qd7 {[#] aiming for ...Qh3+.} 18. Rh1 {Inhibits Qh3+.} Rxh1 {[#]} 19. Qe1 $146 (19. Qxh1 $17 Kf8 20. Qh4) ({Predecessor:} 19. Qxh1 O-O-O 20. Qh7 Bd4 21. Qxf7 Rh8 22. Nf4 Ne5 23. Qd5 g5 24. Ne6 Bb6 25. c5 Ba5 26. cxd6 exd6 27. Ne4 Kb8 28. Nxd6 Bb6 29. Qxe5 {1-0 (29) Fedoseev,V (2674)-Artemiev,V (2711) Chess.com INT 2020}) 19... Rg1+ $2 20. Qxg1 O-O-O 21. Qh1 $2 (21. Kf1) 21... Rg8 $2 (21... Rh8 $19 {has better winning chances.} 22. Qf1 Qh3+ 23. Kf3 Ne5+ 24. Ke3 Qe6) 22. Qh7 {[#]} Rh8 (22... Qe8 $1 $17 {stays on course. Hoping for ...Kb8.} 23. Kg1 Be5) 23. Qxg7 $18 Qh3+ 24. Kf3 {[%cal Bg2f3,Bf3e3,Be3d4,Bd4c3,Bc3c2][%mdl 32]} Ne5+ 25. Ke3 Ng4+ $2 (25... Re8 {was worth a try.} 26. f3 Qe6) 26. Kd4 Nxf2 27. Qxf7 Qg4+ 28. Kc3 Qxg3+ 29. Kc2 {Weighted Error Value: White=0.75/Black=1.36} 1-0

[Event "WALTON 40th BAN-ch U20 Girls 2022"]
[Site "Dhaka"]
[Date "2022.02.21"]
[Round "7.2"]
[White "Tasnia Tarannum, Orpa"]
[Black "Kazi Zarin, Tasnim"]
[Result "1/2-1/2"]
[WhiteElo "1678"]
[BlackElo "1801"]
[Annotator "NA RC"]
[PlyCount "129"]
[EventDate "2022.02.15"]
[EventType "swiss"]
[EventCountry "BAN"]
[SourceTitle "playchess.com"]
[Source "ChessBase"]
[SourceQuality "1"]
[TimeControl "5400+30"]

{[%evp 8,111,46,18,31,21,31,28,37,21,27,29,31,30,29,19,77,72,68,70,73,69,73,68,70,64,58,58,75,80,80,53,57,50,103,97,110,104,110,32767,32767,32767,32767,32767,32767,32767,32767,60,60,64,67,68,67,57,104,94,111,106,111,97,113,86,82,99,85,67,83,91,106,96,136,137,108,106,122,89,79,26,32767,32767,32767,32767,32767,32767,32767,32767,32767,32767,32767,32767,32767,32767,32767,32767,32767,32767,32767,32767,32767,32767,32767,32767,32767,8,8,8]} 1. d4 {[%emt 0:00:03]} Nf6 {[%emt 0:17:50]} 2. Nf3 {[%emt 0:00:21]} d6 {[%emt 0:00:19]} 3. c4 {[%emt 0:01:31]} g6 {[%emt 0:00:13]} 4. Nc3 {[%emt 0:00:18]} Bg7 {[%emt 0:00:34]} 5. g3 {[%emt 0:01:05]} O-O {[%emt 0:00:44]} 6. Bg2 {[%emt 0:00:05]} Nbd7 {[%emt 0:00:31]} 7. O-O {[%emt 0:00:35]} e5 {[%emt 0:02:03]} 8. dxe5 {[%emt 0:07:45]} Nxe5 {[%emt 0:00:16]} 9. Nxe5 {[%emt 0:00:37]} dxe5 {[%emt 0:00:02]} 10. Qxd8 {[%emt 0:00:23]} Rxd8 {[%emt 0:00:04]} 11. Bg5 {[%emt 0:00:31]} h6 {[%emt 0:00:46]} (11... Rd7 $11) 12. Bxf6 {[%emt 0:00:54]} Bxf6 {[%emt 0:00:05]} 13. Nd5 {[%emt 0:00:07]} Bg7 {[%emt 0:01:08]} 14. Nxc7 {[%emt 0:00:12]} Rb8 {[%emt 0:00:17]} 15. Rfd1 {[%emt 0:02:24]} Bg4 {[%emt 0:03:45]} 16. f3 {[%emt 0:04:29]} Bd7 {[%emt 0:00:30]} 17. Nd5 {[%emt 0:04:38]} e4 {[%emt 0:01:25]} 18. Rd2 {[%emt 0:02:38]} ({Reject} 18. fxe4 Bxb2 19. Rab1 Be5 $11) 18... exf3 {[%emt 0:05:44]} 19. exf3 {[%emt 0:01:28]} Be6 {[%emt 0:04:36]} 20. f4 {[%emt 0:02:42]} b5 {[%emt 0:06:56]} (20... Kh8 $14) 21. Rad1 {[%emt 0:04:53]} Kf8 {[%emt 0:01:13]} 22. c5 {[%emt 0:12:27]} Rbc8 {[%emt 0:17:14]} 23. b4 {[%emt 0:14:46]} Bxd5 {[%emt 0:02:45]} 24. Rxd5 {[%emt 0:00:10]} Rxd5 {[%emt 0:00:05]} 25. Rxd5 {[%emt 0:00:04]} Bc3 {[%emt 0:00:52]} 26. a3 {[%emt 0:00:42]} a5 {[%emt 0:01:06]} 27. Rd7 {[%emt 0:06:32]} axb4 {[%emt 0:02:37]} 28. axb4 {[%emt 0:00:54]} Bxb4 {[%emt 0:00:33]} 29. c6 {[%emt 0:00:06]} Ba5 {[%emt 0:08:54]} 30. Rb7 {[%emt 0:03:43]} Rc7 {[%emt 0:02:23]} 31. Rxb5 {[%emt 0:00:56]} Bc3 {[%emt 0:00:03]} 32. Rb3 {[%emt 0:02:25]} Ba5 {[%emt 0:00:36]} 33. Rd3 {[%emt 0:00:28]} Ke7 {[%emt 0:01:44]} 34. Kf1 {[%emt 0:00:29]} Bb4 {[%emt 0:01:12]} 35. Ke2 {[%emt 0:00:34]} Bd6 {[%emt 0:00:21]} 36. Rc3 {[%emt 0:03:00]} Bb4 {[%emt 0:03:02]} 37. Rc2 {[%emt 0:00:08]} Bd6 {[%emt 0:02:29]} 38. Kd3 {[%emt 0:00:20]} h5 {[%emt 0:00:24]} (38... Ra7 $142) 39. h4 {[%emt 0:01:43]} Ra7 {[%emt 0:03:12]} 40. Rc3 {[%emt 0:02:02]} ({White should play} 40. Bd5) 40... f6 {[%emt 0:01:54]} 41. Ke2 {[%emt 0:08:10]} Ra2+ {[%emt 0:01:24] [#]} 42. Kf3 {[%emt 0:00:11]} (42. Kf1 $1 $16 Bc7 43. Bf3) 42... Ra3 {[%emt 0:02:00]} 43. Rxa3 {[%emt 0:02:37]} Bxa3 {[%emt 0:00:02]} 44. g4 {[%emt 0:00:50]} hxg4+ {[%emt 0:00:22]} 45. Kxg4 {[%emt 0:00:05]} Bd6 {[%emt 0:00:02]} 46. f5 {[%emt 0:00:48]} gxf5+ {[%emt 0:01:21]} 47. Kxf5 {[%emt 0:00:03]} Kf7 {[%emt 0:00:12]} 48. Bd5+ {[%emt 0:00:36]} Kg7 {[%emt 0:00:06]} 49. h5 {[%emt 0:00:37]} Be5 {[%emt 0:00:22]} 50. Ke6 {[%emt 0:00:27]} Kh6 {[%emt 0:00:19]} 51. Bf3 {[%emt 0:00:10]} Kg7 {[%emt 0:00:06]} 52. Kd7 {[%emt 0:01:01]} Bg3 {[%emt 0:00:13]} 53. c7 {[%emt 0:00:26]} Bxc7 {[%emt 0:00:03]} 54. Kxc7 {[%emt 0:00:05]} f5 {[%emt 0:00:10]} 55. Kd7 {[%emt 0:00:13]} f4 $11 {[%emt 0:00:05]} 56. Ke7 {[%emt 0:00:06]} Kg8 {[%emt 0:00:18]} 57. Kf6 {[%emt 0:02:45]} Kh7 {[%emt 0:00:02]} 58. Kg5 {[%emt 0:01:18]} Kg7 {[%emt 0:00:13]} 59. Be4 {[%emt 0:00:37]} f3 {[%emt 0:00:11]} 60. Bxf3 {[%emt 0:00:01]} Kh7 {[%emt 0:00:06]} 61. Be4+ {[%emt 0:00:36]} Kg7 {[%emt 0:00:02]} 62. Bd3 {[%emt 0:05:24]} Kh8 {[%emt 0:00:11]} 63. Kf6 {[%emt 0:00:45]} Kg8 {[%emt 0:00:06]} 64. Kg6 {[%emt 0:01:03]} Kh8 {[%emt 0:00:04]} 65. Kf7 {[%emt 0:00:52]} 1/2-1/2